000 00278nam a22001217a 4500
041 _aENG
100 _aBanerjee .G.C
245 _aFeeds And Princples Of Animal Nutrition
260 _aDelhi
_bOxford & Ibh Pub
_c1999
300 _a636
650 _aDiry
856 _uAgricultural
999 _c640
_d640